| 000 | 00873nam a2200301 a 4500 | ||
|---|---|---|---|
| 008 | |||
| 020 | _a9781455772346 (paperback) | ||
| 040 |
_aNUST _cNUST |
||
| 049 | _aMAIN | ||
| 090 |
_aQP34.5 _bHER |
||
| 100 | 1 | _aHerlihy, Barbara. | |
| 245 | 1 | 0 |
_aThe Human Body in Health and illness;/ _c Herlihy, Barbara. |
| 260 |
_aSaunders: _bElsevier, _c2014 |
||
| 300 | _a5th edition. | ||
| 336 |
_atext _btxt _2rdacontent |
||
| 337 |
_aunmediated _bn _2rdamedia |
||
| 338 |
_avolume _bnc _2rdacarrier |
||
| 504 | _aIncludes bibliographical references. | ||
| 500 | _aIncludes index. | ||
| 650 | _aBody Tempereture | ||
| 650 | _aIntegumentary System. | ||
| 650 | _aSkeletal System. | ||
| 650 | 1 | _aHuman Body. | |
| 907 |
_a.b10399720 _b31-03-21 _c16-03-21 |
||
| 003 | |||
| 005 | 20230120204252.0 | ||
| 942 |
_cBOOKS _kQP34.5 _mHER |
||
| 999 |
_c120143 _d120143 |
||